000 00783cam a22002651 4500
001 9194
003 BD-RjUL
005 20211208234732.0
008 140120s1957 nyua 001 0 eng
035 _a(BD-RjUL)9239
040 _aDLC/ICU
_cICU
_dBD-RjUL
_beng
041 _aeng
082 0 0 _a530.1
_bHAC 1957
100 1 _aHartree, Douglas R.
_q(Douglas Rayner),
_d1897-1958.
_926257
245 1 4 _aThe calculation of atomic structures /
_cDouglas R. Hartree
260 _aNew York :
_bJ. Wiley,
_c1957.
300 _axiii, 181 p. :
_billus. ;
_c23 cm.
504 _aInclude index.
650 0 _aAtomic structure.
_927696
650 0 _aNumerical analysis.
_928520
942 _2ddc
_cBK
999 _c9194
_d9194